Временные показатели производственного цикла турбоустановки; Интеллектуальные энергосистемы; Т. 1

מידע ביבליוגרפי
Parent link:Интеллектуальные энергосистемы: труды IV Международного молодёжного форума, 10-14 октября 2016 г., г. Томск/ Национальный исследовательский Томский политехнический университет (ТПУ), Энергетический институт (ЭНИН).— , 2016
Т. 1.— 2016.— [С. 224-228]
מחבר ראשי: Базыкин Я. В.
מחבר תאגידי: Национальный исследовательский Томский политехнический университет (ТПУ) Энергетический институт (ЭНИН) Кафедра атомных и тепловых электростанций (АТЭС)
מחברים אחרים: Савостьянова Л. В. Людмила Викторовна (научный руководитель), Литвак В. В. Валерий Владимирович
סיכום:Заглавие с титульного экрана
В результате изучения ремонтной документации турбоустановок мощностью 25-150 МВт и находящихся в эксплуатации не менее 20 лет получены статистические данные о временных показателях производственного цикла турбин. Введённые показатели отличаются от тех, что применяются для выбора продолжительности межремонтного периода в настоящее время. Излагаемый подход позволяет прогнозировать индивидуальный ресурс турбоустановок на анализе расчетов, проведённых с использованием ремонтной документации.
שפה:רוסית
יצא לאור: 2016
סדרה:Повышение эффективности работы тепловых и атомных электростанций
נושאים:
גישה מקוונת:http://earchive.tpu.ru/handle/11683/36329
פורמט: אלקטרוני Book Chapter
KOHA link:https://koha.lib.tpu.ru/cgi-bin/koha/opac-detail.pl?biblionumber=621527

MARC

LEADER 00000naa2a2200000 4500
001 621527
005 20231216141252.0
035 |a (RuTPU)RU\TPU\conf\20143 
035 |a RU\TPU\conf\20141 
090 |a 621527 
100 |a 20170110d2016 k y0rusy50 ca 
101 0 |a rus 
102 |a RU 
105 |a y z 101zy 
135 |a drgn ---uucaa 
181 0 |a i  
182 0 |a b 
200 1 |a Временные показатели производственного цикла турбоустановки  |f Я. В. Базыкин, Л. В. Савостьянова  |g науч. рук. В. В. Литвак 
203 |a Текст  |c электронный 
225 1 |a Повышение эффективности работы тепловых и атомных электростанций 
300 |a Заглавие с титульного экрана 
320 |a [Библиогр.: с. 227-228 (5 назв.)] 
330 |a В результате изучения ремонтной документации турбоустановок мощностью 25-150 МВт и находящихся в эксплуатации не менее 20 лет получены статистические данные о временных показателях производственного цикла турбин. Введённые показатели отличаются от тех, что применяются для выбора продолжительности межремонтного периода в настоящее время. Излагаемый подход позволяет прогнозировать индивидуальный ресурс турбоустановок на анализе расчетов, проведённых с использованием ремонтной документации. 
461 1 |0 (RuTPU)RU\TPU\conf\20053  |t Интеллектуальные энергосистемы  |o труды IV Международного молодёжного форума, 10-14 октября 2016 г., г. Томск  |o в 3 т.  |f Национальный исследовательский Томский политехнический университет (ТПУ), Энергетический институт (ЭНИН)  |d 2016 
463 1 |0 (RuTPU)RU\TPU\conf\20054  |t Т. 1  |v [С. 224-228]  |d 2016 
610 1 |a труды учёных ТПУ 
610 1 |a электронный ресурс 
610 1 |a показатели 
610 1 |a временные циклы 
610 1 |a турбоустановки 
610 1 |a наработка 
610 1 |a надежность 
610 1 |a турбины 
610 1 |a ремонтная документация 
700 1 |a Базыкин  |b Я. В. 
701 1 |a Савостьянова  |b Л. В.  |c специалист в области теплоэнергетики  |c заведующий лабораторией Томского политехнического университета  |f 1976-  |g Людмила Викторовна  |3 (RuTPU)RU\TPU\pers\25997  |9 11846 
702 1 |a Литвак  |b В. В.  |c специалист в области теплоэнергетики  |c профессор Томского политехнического университета, доктор технических наук  |f 1940-  |g Валерий Владимирович  |4 727 
712 0 2 |a Национальный исследовательский Томский политехнический университет (ТПУ)  |b Энергетический институт (ЭНИН)  |b Кафедра атомных и тепловых электростанций (АТЭС)  |3 (RuTPU)RU\TPU\col\18683 
801 2 |a RU  |b 63413507  |c 20170124  |g RCR 
856 4 |u http://earchive.tpu.ru/handle/11683/36329 
942 |c BK